|
|
|
|
| LEADER |
00000nam a22000007a 4500 |
| 005 |
20111018103242.0 |
| 008 |
111018s2010 cl |||||s|||| 00||0 spa d |
| 020 |
|
|
|a 978-956-13-1980-6
|
| 035 |
|
|
|a 5895
|
| 040 |
|
|
|a vLex
|
| 090 |
|
|
|c 2669
|d 2669
|
| 100 |
1 |
|
|a Maquieira Villanueva, Carlos
|
| 245 |
1 |
0 |
|a Finanazas corporativas
|h [Recurso electrn̤ico] /
|c Carlos Maquieira Villanueva
|
| 256 |
|
|
|a Servicio en ln̕ea.
|
| 260 |
|
|
|a [Chile] :
|b Universidad Catl̤ica Andrš Bello,
|c 2010
|
| 300 |
|
|
|a 1 recurso electrn̤ico
|
| 506 |
1 |
|
|a Contenido solo disponible en los productos indicados
|d vLex Global
|d vLex Global (Academic Edition, excluding Law Schools)
|d vLex Global (U.S. Academic Edition, Law Schools)
|d vLex Global (U.S. Academic Edition, excluding Law Schools)
|d vLex Global (Academic Edition, Law Schools)
|
| 650 |
0 |
4 |
|a Empresas
|x Finanzas
|z Chile
|
| 740 |
0 |
|
|a vLex Libros (Servicio en ln̕ea)
|
| 856 |
4 |
0 |
|u http://vlex.com/source/5895
|z Acceso restringido
|
| 942 |
|
|
|c BOOK
|